Tricky-Clicky Minute: Clothes Quiz Stats

 Plays Quiz Updated May 22, 2015

Challenge
Share
Tweet
Embed
Score 0/50 Timer 01:00
13 Plays Today
% Correct
leggings
89.3%
sweatshirt
89.1%
sweater
89.1%
trousers
89%
jeans
89%
sweatpants
88.9%
skirt
88.9%
jacket
88.8%
dress
88.8%
blouse
88.8%
bikini
88.8%
pants
88.7%
shorts
88.7%
swimsuit
88.7%
pajamas
88.5%
shirt
88.4%
bra
88.3%
cardigan
88.2%
tuxedo
88.1%
jumpsuit
88.1%
hoodie
88.1%
socks
88%
stockings
88%
sandals
88%
slippers
87.9%
% Correct
sneakers
87.8%
sundress
87.6%
pantyhose
87.6%
tights
87.5%
boxers
87.5%
poncho
86.9%
coat
86.8%
vest
86.5%
corset
86.3%
suit
86.1%
robe
85.8%
loafers
85.6%
slacks
85.4%
gown
85.3%
kimono
85%
heels
84.8%
parka
84.5%
leotard
84%
shawl
83.8%
pumps
83.7%
kilt
82.8%
tutu
82.8%
cloak
81%
smock
78.7%
girdle
77.1%

You're not logged in!

Compare scores with friends on all Sporcle quizzes.
OR
Log In

You Might Also Like...

Show Comments

Extras

Top Quizzes Today


Score Distribution

Your Account Isn't Verified!

In order to create a playlist on Sporcle, you need to verify the email address you used during registration. Go to your Sporcle Settings to finish the process.

Report this User

Report this user for behavior that violates our Community Guidelines.

Details: